000 00321nam a22001337a 4500
008 170621b xxu||||| |||| 00| 0 eng d
020 _a9780878408276
041 _aeng
080 _a32
100 _a20
101 _aSHP
245 _aTHE POLITICS GLOBALIZATION IN THE UNITED SATTES
_cCOHEN.E.S
942 _2udc
_cBK
999 _c18548
_d18548